000 00484nam a2200181Ia 4500
003 GCL
008 140319s9999 xx 000 0 eng d
040 _aGCL /
_cGCL
082 0 4 _a306.483
_bE S
100 1 _aSAGE, GEORGE H
245 1 0 _aSOCIOLOGY OF NORTH AMERICAN SPORT /
_cSAGE, GEORGE H
700 1 _aWITZEN, D. STANLEY
260 _a[S.N] :
_bBROWN AND BENCHMANK PUBBISERS ،
_c1993
300 _a416 P
650 0 4 _aSOCIOLOGY - SPORT
650 0 4 _aSPORT
942 _2ddc
_cBK
999 _c12081
_d12081